| 000 | 00999nmm a2200265 a 4500 | ||
|---|---|---|---|
| 001 | ocm000598933 | ||
| 003 | TR-IsHL | ||
| 005 | 20201028131403.0 | ||
| 008 | 131028s2009 tu tur | ||
| 007 | cr cn | ||
| 020 | _a9789754828399 | ||
| 035 |
_a598933 _b(N$T) |
||
| 050 | 0 | 4 |
_aTD139 _b.A55 2009 |
| 090 | 0 | 4 |
_aTD139 _b.A55 2009 |
| 245 | 1 | 0 |
_aAnkara Üniversitesi'nde çevre konusunda kim kimdir? _h[electronic resource] / _ced. Mehmet Somuncu |
| 260 |
_aAnkara : _bAnkara Üniversitesi Çevre Sorunları Araştırma ve Uygulama Merkezi, _c2009 |
||
| 300 | _a234 p. | ||
| 650 | 4 | _aÇevre Bilimleri | |
| 650 | 4 | _aEnvironmental Sciences | |
| 650 | 0 |
_aÇevre mühendisleri _x Türkiye _x Biyografi |
|
| 650 | 0 |
_aEnvironmental engineers _x Turkey _x Biography |
|
| 650 | 7 |
_aSCIENCE / Chemistry / Environmental (see alsoEnvironmental Science) _2bisacsh |
|
| 700 | 1 | _aSomuncu, Mehmet | |
| 856 | 4 | 0 | _uhttp://search.ebscohost.com/login.aspx?direct=true&scope=site&db=e011xww&AN=598933 |
| 999 |
_c4537 _d4537 |
||